| 000 | 00705nam a22002297a 4500 | ||
|---|---|---|---|
| 005 | 20170124110051.0 | ||
| 010 | _aA-753089 | ||
| 020 |
_c00.00 _a8185938067 |
||
| 035 | _aA-753089 | ||
| 037 | _bCen Lib/Ret | ||
| 040 |
_aDPL _bEN |
||
| 082 |
_a658.4034 _bSRI |
||
| 100 |
_aSrinath, L.S. _925502 |
||
| 245 |
_aOperations research for executives / _cby L.S. Srinath |
||
| 260 |
_aNew Delhi _bAffliated East-West Press Pvt. Ltd _c1994 |
||
| 270 |
_a104, Nirmal Tower, 26 Barakhamba Road _bNew Delhi _e110001 |
||
| 300 |
_aviii,189p. : _c22cm(Hb) _bill. |
||
| 500 | _aIncludes index. | ||
| 650 |
_aMangement _925503 |
||
| 650 |
_aMangement _925504 |
||
| 942 |
_2ddc _cEN _h658.4034 _mSRI |
||
| 999 |
_c129130 _d129130 |
||